00997nam a22002177a 4500999001700000003000900017008004100026040007100067082002600138110010600164245007300270260003100343300004200374440003500416505010800451650003200559700005900591942001600650945000800666952010500674 c11395d11395AR-CdUCM190403b ||||| |||| 00| 0 spa d aMUNICIPALIDAD PROVINCIAL DEL CUSCOcBIBLIOTECA MUNICIPAL DEL CUSCO aEP / 372.460 / bIB23 aMinisterio de Educación - Programa de Mejoramiento de la Calidad de la Educación Primaria 928731 aTexto Integrado Construir : bPrimer grado de educación primaria / aLima:bBrasa S. A. ;c1995 a158 páginas ;bIlustraciones c28cm aColección Magisterio 928732 aContenido: Articulación de educación inicial - 5 años - y primer grado de educación primaria... aEducación primaria 91561 aIbáñez Nieto, Alberto (coordinador general)928733 2ddccLIBROS anom 002ddc4070aSIbSIcCHILDd2019-04-03g30.00oEP / 372.460 / IB23pSI00001133r2019-04-03yLIBROS